Design of concrete structures (Record no. 3628)

000 -LEADER
fixed length control field 00663nam a2200229 a 4500
001 - CONTROL NUMBER
control field 3628
003 - CONTROL NUMBER IDENTIFIER
control field BD-DhUET
008 - FIXED-LENGTH DATA ELEMENTS--GENERAL INFORMATION
fixed length control field 850621s1985 enka b 101 0 eng
020 ## - INTERNATIONAL STANDARD BOOK NUMBER
International Standard Book Number 007Y665486
040 ## - CATALOGING SOURCE
Original cataloging agency DLC
Transcribing agency DLC
Modifying agency BD-DhUET
082 00 - DEWEY DECIMAL CLASSIFICATION NUMBER
Classification number 624.183
Item number NIL/1986
100 ## - MAIN ENTRY--PERSONAL NAME
Personal name Nilson, Arthur H.
245 00 - TITLE STATEMENT
Title Design of concrete structures
Statement of responsibility, etc. by Arthur H. Nilson and George Winter
250 ## - EDITION STATEMENT
Edition statement 10th ed.
260 ## - PUBLICATION, DISTRIBUTION, ETC. (IMPRINT)
Place of publication, distribution, etc. New York:
Name of publisher, distributor, etc. McGraw Hill Book Company,
Date of publication, distribution, etc. 1986.
300 ## - PHYSICAL DESCRIPTION
Extent xi, 380 p. :
Other physical details ill. ;
Dimensions 23 cm.
490 ## - SERIES STATEMENT
Series statement Civil engineering series
504 ## - BIBLIOGRAPHY, ETC. NOTE
Bibliography, etc Includes bibliographies
650 #0 - SUBJECT ADDED ENTRY--TOPICAL TERM
Topical term or geographic name as entry element Reinforced concrete
700 ## - ADDED ENTRY--PERSONAL NAME
Personal name Winter, George
942 ## - ADDED ENTRY ELEMENTS (KOHA)
Koha item type General Book
Holdings
Koha issues (times borrowed) Koha date last borrowed Koha full call number Sublocation or collection (holding branch) Date acquired Damaged status Piece designation (barcode) Koha item type Withdrawn status Source of classification or shelving scheme Koha normalized classification for sorting Not for loan Location (home branch) Price effective from Koha date last seen Lost status Koha renewals Koha out on loan Shelving location Copy number
62026-02-23624.183/NIL/1986Central Library, BUET2014-11-02 77873General Book  624_000000000000000_183NIL1986 Central Library, BUET2014-11-022026-02-23 12027-02-23Circulation section1
  624.183 NIL/1986Central Library, BUET1990-10-23 77816Rental Item  624_183000000000000_NIL_1986 Central Library, BUET2024-12-042024-12-04   Rental section১০/ক-১
  624.183 NIL/1986Central Library, BUET1990-10-23 77817Rental Item  624_183000000000000_NIL_1986 Central Library, BUET2024-12-042024-12-04   Rental section১০/ক-২
  624.183 NIL/1986Central Library, BUET1990-10-23 77818Rental Item  624_183000000000000_NIL_1986 Central Library, BUET2024-12-042024-12-04   Rental section১০/ক-৩
  624.183 NIL/1986Central Library, BUET1990-10-23 77819Rental Item  624_183000000000000_NIL_1986 Central Library, BUET2024-12-042024-12-04   Rental section১০/ক-৪
  624.183 NIL/1986Central Library, BUET1990-10-23 77820Rental Item  624_183000000000000_NIL_1986 Central Library, BUET2024-12-042024-12-04   Rental section১০/ক-৫
  624.183 NIL/1986Central Library, BUET1990-10-23 77821Rental Item  624_183000000000000_NIL_1986 Central Library, BUET2024-12-042024-12-04   Rental section১০/ক-৬
  624.183 NIL/1986Central Library, BUET1990-10-23 77822Rental Item  624_183000000000000_NIL_1986 Central Library, BUET2024-12-042024-12-04   Rental section১০/ক-৭
  624.183 NIL/1986Central Library, BUET1990-10-23 77823Rental Item  624_183000000000000_NIL_1986 Central Library, BUET2024-12-042024-12-04   Rental section১০/ক-৮
  624.183 NIL/1986Central Library, BUET1990-10-23 77824Rental Item  624_183000000000000_NIL_1986 Central Library, BUET2024-12-042024-12-04   Rental section১০/ক-৯
  624.183 NIL/1986Central Library, BUET1990-10-23 77825Rental Item  624_183000000000000_NIL_1986 Central Library, BUET2024-12-042024-12-04   Rental section১০/ক-১০
  624.183 NIL/1986Central Library, BUET1990-10-23 77826Rental Item  624_183000000000000_NIL_1986 Central Library, BUET2024-12-042024-12-04   Rental section১০/ক-১১
  624.183 NIL/1986Central Library, BUET1990-10-23 77827Rental Item  624_183000000000000_NIL_1986 Central Library, BUET2024-12-042024-12-04   Rental section১০/ক-১২
  624.183 NIL/1986Central Library, BUET1990-10-23 77828Rental Item  624_183000000000000_NIL_1986 Central Library, BUET2024-12-042024-12-04   Rental section১০/ক-১৩
  624.183 NIL/1986Central Library, BUET1990-10-23 77829Rental Item  624_183000000000000_NIL_1986 Central Library, BUET2024-12-042024-12-04   Rental section১০/ক-১৪
  624.183 NIL/1986Central Library, BUET1990-10-23 77830Rental Item  624_183000000000000_NIL_1986 Central Library, BUET2024-12-042024-12-04   Rental section১০/ক-১৫
  624.183 NIL/1986Central Library, BUET1990-10-23 77831Rental Item  624_183000000000000_NIL_1986 Central Library, BUET2024-12-042024-12-04   Rental section১০/ক-১৬
  624.183 NIL/1986Central Library, BUET1990-10-23 77832Rental Item  624_183000000000000_NIL_1986 Central Library, BUET2024-12-042024-12-04   Rental section১০/ক-১৭
  624.183 NIL/1986Central Library, BUET1990-10-23 77833Rental Item  624_183000000000000_NIL_1986 Central Library, BUET2024-12-042024-12-04   Rental section১০/ক-১৮
  624.183 NIL/1986Central Library, BUET1990-10-23 77834Rental Item  624_183000000000000_NIL_1986 Central Library, BUET2024-12-042024-12-04   Rental section১০/ক-১৯
  624.183 NIL/1986Central Library, BUET1990-10-23 77835Rental Item  624_183000000000000_NIL_1986 Central Library, BUET2024-12-042024-12-04   Rental section১০/ক-২০